[Event "Rottach Egern Seniors Cup 13th"]
[Site "Rottach Egern"]
[Date "2025.03.29"]
[Round "1"]
[White "Wille, Thomas"]
[Black "Leitner, Leonhard"]
[Result "1-0"]
[WhiteElo "2110"]
[BlackElo "1860"]
[PlyCount "73"]
[EventDate "2025.03.29"]
[EventType "swiss"]
[EventRounds "9"]
[EventCountry "GER"]
[SourceTitle "CB16_2025"]
[SourceDate "2025.04.16"]
[SourceVersion "1"]
[SourceVersionDate "2025.04.16"]
[SourceQuality "1"]

1. c4 e5 2. g3 Nf6 3. Bg2 Nc6 4. e3 d5 5. cxd5 Nxd5 6. a3 Be7 7. Ne2 0-0 8. 0-0 Be6 9. b4 Bf6 10. Bb2 Qd7 11. Re1 Rfd8 12. d3 Nb6 13. Nc1 Bf5 14. e4 Bh3 15. Bxh3 Qxh3 16. Qe2 Na4 17. Nb3 Nxb2 18. Qxb2 Nd4 19. Nxd4 Rxd4 20. Nc3 c6 21. b5 Qd7 22. bxc6 bxc6 23. Rad1 Rd8 24. Re3 h5 25. Kg2 h4 26. h3 hxg3 27. Ne2 Rd6 28. Rxg3 Qc7 29. Qc3 Qd7 30. Rf3 Qe6 31. Rb1 Qd7 32. Rb3 Qc7 33. Ng3 g6 34. Nf1 Kg7 35. Nh2 Rb8 36. Rxb8 Qxb8 37. Ng4 1-0

[Event "Rottach Egern Seniors Cup 12th"]
[Site "Rottach Egern"]
[Date "2024.04.10"]
[Round "5"]
[White "Leitner, Leonhard"]
[Black "Mattavelli, Italo"]
[Result "1-0"]
[WhiteElo "1870"]
[BlackElo "1777"]
[PlyCount "55"]
[EventDate "2024.04.06"]
[EventType "swiss"]
[EventRounds "9"]
[EventCountry "GER"]
[SourceTitle "CBM 219 Extra"]
[Source "ChessBase"]
[SourceDate "2024.05.31"]
[SourceVersion "1"]
[SourceVersionDate "2024.05.31"]
[SourceQuality "1"]

1. e4 c5 2. Nf3 e6 3. c3 Nf6 4. e5 Nd5 5. d4 cxd4 6. cxd4 Nc6 7. Bc4 Nb6 8. Bb3 d6 9. Bg5 Be7 10. Bxe7 Qxe7 11. Nc3 dxe5 12. dxe5 0-0 13. 0-0 Rd8 14. Qe2 Na5 15. Bc2 Nd5 16. Qe4 g6 17. Rfd1 Nxc3 18. bxc3 Bd7 19. Qb4 Nc6 20. Qxb7 Rab8 21. Qa6 Qc5 22. Ba4 Nxe5 23. Nxe5 Bxa4 24. Qxa4 Qxe5 25. Qxa7 Qxc3 26. Rac1 Ra8 27. Qxa8 Rxa8 28. Rxc3 1-0

[Event "Rottach Egern Seniors Cup 12th"]
[Site "Rottach Egern"]
[Date "2024.04.07"]
[Round "2"]
[White "Lachat, Martin"]
[Black "Leitner, Leonhard"]
[Result "0-1"]
[WhiteElo "1748"]
[BlackElo "1870"]
[PlyCount "52"]
[EventDate "2024.04.06"]
[EventType "swiss"]
[EventRounds "9"]
[EventCountry "GER"]
[SourceTitle "CBM 219 Extra"]
[Source "ChessBase"]
[SourceDate "2024.05.31"]
[SourceVersion "1"]
[SourceVersionDate "2024.05.31"]
[SourceQuality "1"]

1. c4 e5 2. Nc3 Nf6 3. Nf3 Nc6 4. d4 exd4 5. Nxd4 Bb4 6. Qd3 0-0 7. Bd2 Ne5 8. Qc2 Nxc4 9. Bg5 h6 10. Bxf6 Qxf6 11. e3 Ne5 12. Be2 c5 13. Nf3 d5 14. 0-0 Nxf3+ 15. Bxf3 Bxc3 16. bxc3 Be6 17. Rfd1 Rfd8 18. Rd2 Rd7 19. Rad1 Rad8 20. Qb2 b6 21. Kf1 Qe5 22. Kg1 h5 23. h4 Qf6 24. Bxh5 Qxh4 25. Bf3 Bg4 26. Rxd5 Bxf3 0-1

[Event "Rottach Egern Seniors Cup 11th"]
[Site "Rottach Egern"]
[Date "2023.04.15"]
[Round "1"]
[White "Wille, Thomas"]
[Black "Leitner, Leonhard"]
[Result "1-0"]
[WhiteElo "2089"]
[BlackElo "1787"]
[PlyCount "29"]
[EventDate "2023.04.15"]
[EventType "swiss"]
[EventRounds "9"]
[EventCountry "GER"]
[SourceTitle "EXT 2024"]
[Source "ChessBase"]
[SourceDate "2023.10.10"]
[SourceVersion "1"]
[SourceVersionDate "2023.10.10"]
[SourceQuality "1"]

1. c4 e5 2. g3 Nf6 3. Bg2 Nc6 4. e3 d5 5. cxd5 Nxd5 6. a3 Be6 7. Ne2 Bd6 8. 0-0 0-0 9. d4 exd4 10. Nxd4 Be5 11. Nxe6 fxe6 12. Nd2 Qe7 13. Qe2 a6 14. Nf3 Bf6 15. e4 1-0

[Event "Rottach Egern Seniors Cup 10th"]
[Site "Rottach Egern"]
[Date "2022.03.26"]
[Round "1"]
[White "Walther, Renate"]
[Black "Leitner, Leonhard"]
[Result "0-1"]
[WhiteElo "1180"]
[BlackElo "1784"]
[PlyCount "70"]
[EventDate "2022.03.26"]
[EventType "swiss"]
[EventRounds "9"]
[EventCountry "GER"]
[SourceTitle "CBM 207 Extra"]
[Source "ChessBase"]
[SourceDate "2022.05.31"]
[SourceVersion "1"]
[SourceVersionDate "2022.05.31"]
[SourceQuality "1"]

1. e4 e5 2. d4 exd4 3. Qxd4 Nc6 4. Qe3 d6 5. Nc3 Nb4 6. Bd3 Nxd3+ 7. Qxd3 Nf6 8. Bg5 Be7 9. 0-0-0 0-0 10. f3 Nd7 11. h4 Bxg5+ 12. hxg5 Qxg5+ 13. Kb1 Nc5 14. Qe2 Be6 15. Nh3 Qg3 16. Nd5 Bxd5 17. Rxd5 h6 18. Qd2 Ne6 19. f4 c6 20. Rd3 Qg4 21. g3 Nc5 22. Nf2 Qe6 23. Rxd6 Nxe4 24. Nxe4 Qxe4 25. Re1 Qc4 26. Rd4 Qc5 27. Re5 Qb6 28. g4 Rfd8 29. Ree4 Rxd4 30. Rxd4 Re8 31. c3 c5 32. Rd7 Qc6 33. Qd5 Re1+ 34. Kc2 Qa4+ 35. Qb3 Qxd7 0-1